000 00872cab a2200301 4500
001 WB2932-16
008 090401t1993 xxu||||| |||| 00| 0 eng d
035 _a(Sirsi) u11503
041 _aeng
245 _aSafe as houses
260 _c1993
350 _a0
490 _aTimes
_v1 September 1993, 33(1)
520 _aCompares the performance of property as an investment with other forms of investments such as unit trusts, shares, building societies, gold and classic cars, drawing on the results of a survey by the Household Mortgage Corporation.
650 _aBUILDING SOCIETIES
650 _aCLASSIC CARS
650 _aGILTS
650 _aGOLD
650 _aHOUSING
650 _aINFLATION
650 _aINVESTMENT
650 _aSAVINGS
650 _aSHARES
650 _aUNIT TRUSTS
690 _aHOUSING
942 _n0
948 _c04/03/1997
999 _c7333
_d7333